ARRUPE JESUIT UNIVERSITY

CORONAVIRUS -STOP THE SPREAD - CLEAN,DISINFECT,COVER

Grand Hotel Abyss : (Record no. 126291)

MARC details
000 -LEADER
fixed length control field 01707cam a2200409 i 4500
001 - CONTROL NUMBER
control field 19037363
003 - CONTROL NUMBER IDENTIFIER
control field ARRUPE
005 - DATE AND TIME OF LATEST TRANSACTION
control field 20170316100017.0
008 - FIXED-LENGTH DATA ELEMENTS--GENERAL INFORMATION
fixed length control field 160331t20162016enk b 001 0deng
010 ## - LIBRARY OF CONGRESS CONTROL NUMBER
LC control number 2016015391
020 ## - INTERNATIONAL STANDARD BOOK NUMBER
International Standard Book Number 9781784785680 (hbk)
020 ## - INTERNATIONAL STANDARD BOOK NUMBER
Cancelled/invalid ISBN 9781784785710 (US ebk)
020 ## - INTERNATIONAL STANDARD BOOK NUMBER
Cancelled/invalid ISBN 9781784785703 (UK ebk)
040 ## - CATALOGING SOURCE
Original cataloging agency DLC
Language of cataloging eng
Transcribing agency DLC
Description conventions rda
Modifying agency DLC
042 ## - AUTHENTICATION CODE
Authentication code pcc
043 ## - GEOGRAPHIC AREA CODE
Geographic area code e-gx---
050 00 - LIBRARY OF CONGRESS CALL NUMBER
Classification number HM467
Item number .J44 2016
082 00 - DEWEY DECIMAL CLASSIFICATION NUMBER
Classification number 301.01
Edition number 23
300 ## - PHYSICAL DESCRIPTION
Dimensions 24 cm
100 1# - MAIN ENTRY--PERSONAL NAME
Personal name Jeffries, Stuart,
Dates associated with a name 1964-
9 (RLIN) 29407
245 10 - TITLE STATEMENT
Title Grand Hotel Abyss :
Remainder of title the lives of the Frankfurt School /
Statement of responsibility, etc Stuart Jeffries.
260 ## - PUBLICATION, DISTRIBUTION, ETC. (IMPRINT)
Place of publication, distribution, etc London
Name of publisher, distributor, etc Verso
Date of publication, distribution, etc 2016
300 ## - PHYSICAL DESCRIPTION
Extent 440 p. ;
504 ## - BIBLIOGRAPHY, ETC. NOTE
Bibliography, etc Includes bibliographical references (pages 393-428) and index.
520 2# - SUMMARY, ETC.
Summary, etc "Grand Hotel Abyss investigates the lives and afterlives of the critical theorists who formed the Frankfurt School"--
650 #0 - SUBJECT ADDED ENTRY--TOPICAL TERM
Topical term or geographic name as entry element Frankfurt school of sociology
General subdivision History.
9 (RLIN) 29408
650 #0 - SUBJECT ADDED ENTRY--TOPICAL TERM
Topical term or geographic name as entry element Critical theory
General subdivision History
Chronological subdivision 20th century.
9 (RLIN) 29409
650 #0 - SUBJECT ADDED ENTRY--TOPICAL TERM
Topical term or geographic name as entry element Frankfurt school of sociology
Form subdivision Biography.
9 (RLIN) 29410
650 #0 - SUBJECT ADDED ENTRY--TOPICAL TERM
Topical term or geographic name as entry element Sociologists
Geographic subdivision Germany
Form subdivision Biography.
9 (RLIN) 29411
650 #0 - SUBJECT ADDED ENTRY--TOPICAL TERM
Topical term or geographic name as entry element Philosophers
Geographic subdivision Germany
Form subdivision Biography.
9 (RLIN) 14969
650 #0 - SUBJECT ADDED ENTRY--TOPICAL TERM
Topical term or geographic name as entry element Sociology
Geographic subdivision Germany
General subdivision History
Chronological subdivision 20th century.
9 (RLIN) 29412
651 #0 - SUBJECT ADDED ENTRY--GEOGRAPHIC NAME
Geographic name Germany
General subdivision Intellectual life
Chronological subdivision 20th century.
9 (RLIN) 29413
906 ## - LOCAL DATA ELEMENT F, LDF (RLIN)
a 7
b cbc
c orignew
d 1
e ecip
f 20
g y-gencatlg
942 ## - ADDED ENTRY ELEMENTS (KOHA)
Source of classification or shelving scheme Library of Congress Classification
Koha item type Monograph ( Printed materials)
Holdings
Withdrawn status Lost status Source of classification or shelving scheme Damaged status Not for loan Collection code Home library Current library Shelving location Date acquired Total Checkouts Full call number Barcode Date last seen Price effective from Koha item type
    Library of Congress Classification     Main Collection ARRUPE LIBRARY ARRUPE LIBRARY Main Collection 16/03/2017   HM467 .J44 2016 46500025567 30/04/2018 16/03/2017 Monograph ( Printed materials)

 

Arrupe Library. PO Box MP320 Mt Pleasant, Harare, Zimbabwe
263 242 745411|librarian@aju.ac.zw